Zmeny v stratégiách a v prevádzke našich bánk v súvislosti so zavedením eura - predpoklad pre rast exportnej ekonomiky SR

Uložené v:
Podrobná bibliografia
Hlavný autor: Korauš, Antonín
Médium: Kapitola
Jazyk:Slovak
Tagy: Pridať tag
Žiadne tagy, Buďte prvý, kto otaguje tento záznam!

MARC

LEADER 00000naa$a2200000$$$4500
001 0117960
005 20240502072323.6
041 0 |a slo 
044 |a SK 
245 1 0 |a Zmeny v stratégiách a v prevádzke našich bánk v súvislosti so zavedením eura - predpoklad pre rast exportnej ekonomiky SR  |c Anton Korauš 
100 1 |a Korauš, Antonín